000 00618nam a22002297a 4500
999 _c3657
_d234161
020 _a9879494105
080 _a35 L 7
100 _aLhermann, Alejandro
245 _aExceso de Poder de la Administraciòn
260 _aMar del Plata
_bSuàrez
_c( S / F)
300 _a163 P.
650 _xderecho administrativo
650 _xadministracipn Publica
650 _xexceso de Poder
650 _xley penal tributaria
650 _xdelitos tributarios
650 _ximpuesto al valor agregado
650 _xacto administrativo
650 _xprocedimiento fiscal
942 _6_
945 _acd
_d2015-03-27